[Event "VIII Open Primavera"]
[Site "Robecchetto con Induno ITA"]
[Date "2011.05.19"]
[Round "7"]
[White "Bencivenga, Antonio"]
[Black "Koureas, Panicos"]
[Result "1-0"]
[WhiteElo "1410"]
[BlackElo "1395"]
[PlyCount "61"]
[EventDate "2011.04.07"]

1. c4 e5 2. Nc3 Nf6 3. Nf3 Nc6 4. g3 Bc5 5. Bg2 O-O 6. O-O d6 7. Na4 Bb4 8. a3
Ba5 9. b4 Bb6 10. Nxb6 axb6 11. d4 e4 12. Ng5 Re8 13. Qd2 h6 14. b5 Na5 15. Nh3
Nb3 16. Qc3 Nxa1 17. Qxa1 Ng4 18. f3 exf3 19. exf3 Ne3 20. Bxe3 Rxe3 21. Nf4
Raxa3 22. Qc1 Rec3 23. Qb2 c6 24. Ne2 Rcb3 25. Qc1 cxb5 26. cxb5 Rxb5 27. Qxa3
Ra5 28. Qb4 b5 29. f4 Qe7 30. Qxa5 Qxe2 31. Qd8+ 1-0

[Event "VIII Open Primavera"]
[Site "Robecchetto con Induno ITA"]
[Date "2011.05.19"]
[Round "7"]
[White "Colli, Gianmaria"]
[Black "De Dominicis, Arrigo"]
[Result "1-0"]
[WhiteElo "1520"]
[BlackElo "1387"]
[PlyCount "49"]
[EventDate "2011.04.07"]

1. Nf3 d5 2. d4 Bf5 3. Bf4 Nc6 4. Nbd2 Nb4 5. e4 dxe4 6. Nh4 e3 7. Nxf5 exd2+
8. Qxd2 e6 9. Ng3 Nf6 10. a3 Nc6 11. Bb5 Bd6 12. Bxc6+ bxc6 13. O-O O-O 14.
Rad1 Qb8 15. b4 a5 16. c3 axb4 17. axb4 Rd8 18. Bg5 Be7 19. Rfe1 c5 20. bxc5
Bxc5 21. Bxf6 gxf6 22. Qh6 f5 23. Nh5 Bf8 24. Nf6+ Kh8 25. Qxh7# 1-0

[Event "VIII Open Primavera"]
[Site "Robecchetto con Induno ITA"]
[Date "2011.05.19"]
[Round "7"]
[White "Melino, Gianluca"]
[Black "Turchi, Alessandro"]
[Result "0-1"]
[WhiteElo "1769"]
[BlackElo "1548"]
[PlyCount "45"]
[EventDate "2011.04.07"]

1. g3 Nf6 2. Bg2 g6 3. Nf3 Bg7 4. O-O O-O 5. d3 d6 6. c3 e5 7. e4 Nc6 8. Qc2
Ne8 9. a4 f5 10. exf5 gxf5 11. Bg5 Nf6 12. a5 a6 13. Qd2 Kh8 14. Bh6 Bxh6 15.
Qxh6 Rg8 16. Qd2 Qe7 17. b4 Bd7 18. Na3 Rg7 19. Rae1 Rag8 20. Nc2 Qf7 21. Nh4
f4 22. Kh1 Nh5 23. Bd5 0-1

[Event "VIII Open Primavera"]
[Site "Robecchetto con Induno ITA"]
[Date "2011.05.19"]
[Round "7"]
[White "Ongaro, Andrea"]
[Black "Macchiettini, Pierangelo"]
[Result "1-0"]
[WhiteElo "1528"]
[BlackElo "1775"]
[PlyCount "43"]
[EventDate "2011.04.07"]

1. e4 c5 2. Nf3 d6 3. d4 cxd4 4. Nxd4 Nf6 5. Nc3 a6 6. Be2 e6 7. Be3 Be7 8. f4
Nbd7 9. O-O Qc7 10. Kh1 b5 11. Bf3 Bb7 12. a3 Nc5 13. e5 dxe5 14. fxe5 Nfd7 15.
Bxb7 Nxb7 16. Nf3 Na5 17. Qe1 Nc6 18. Bf4 O-O 19. Qg3 Rfe8 20. Ne4 Qd8 21. Rad1
Qb6 22. Rxd7 1-0

[Event "VIII Open Primavera"]
[Site "Robecchetto con Induno ITA"]
[Date "2011.05.19"]
[Round "7"]
[White "Salerno, Christian"]
[Black "Novi', Giuseppe"]
[Result "1/2-1/2"]
[WhiteElo "1546"]
[BlackElo "1816"]
[PlyCount "40"]
[EventDate "2011.04.07"]

1. Nf3 d5 2. b3 Bg4 3. Bb2 Nd7 4. Ne5 Nxe5 5. Bxe5 f6 6. Bg3 e5 7. c3 Bd6 8. d3
Ne7 9. Nd2 O-O 10. Qc2 Rc8 11. f3 Be6 12. e4 c6 13. Bf2 b6 14. Be2 Qe8 15. O-O
Qg6 16. Kh1 f5 17. g3 Qh6 18. Kg2 fxe4 19. dxe4 Ng6 20. Rh1 Bh3+ 1/2-1/2

[Event "VIII Open Primavera"]
[Site "Robecchetto con Induno ITA"]
[Date "2011.05.19"]
[Round "7"]
[White "Santarelli, Sabatino"]
[Black "Volpe, Antonio"]
[Result "0-1"]
[WhiteElo "1654"]
[BlackElo "1715"]
[PlyCount "132"]
[EventDate "2011.04.07"]

1. e4 g6 2. f4 Bg7 3. Nf3 e6 4. Nc3 d6 5. Bc4 Ne7 6. O-O Nd7 7. d4 a6 8. a4 b6
9. d5 e5 10. Qe1 h6 11. Bd2 O-O 12. Nh4 exf4 13. Nf3 g5 14. h3 Ng6 15. Rb1 Nde5
16. Bd3 Nxf3+ 17. Rxf3 Nh4 18. Rf1 f5 19. Ne2 fxe4 20. Bxe4 Re8 21. Bf3 Nxf3+
22. Rxf3 b5 23. axb5 axb5 24. Qd1 Ra2 25. Bc3 Qd7 26. Bxg7 Qxg7 27. Nc3 Ra5 28.
Qd3 Re5 29. b4 Bf5 30. Qd2 Ra3 31. Rbf1 Bd7 32. Rd3 Ra8 33. Re1 Rae8 34. Rxe5
Rxe5 35. Rf3 Qe7 36. Qd3 Qe8 37. Qd2 Bf5 38. Kf2 Qb8 39. Kf1 Qb6 40. Qf2 Qa6
41. g4 Be4 42. Nxe4 Rxe4 43. h4 Qa1+ 44. Kg2 gxh4 45. Rxf4 Rxf4 46. Qxf4 Qe5
47. Qf3 Kg7 48. c3 Kg6 49. Kh3 Kg5 50. Kg2 Qf6 51. Qe3+ Kxg4 52. Qh3+ Kh5 53.
Qf3+ Qxf3+ 54. Kxf3 Kg5 55. Kg2 Kg4 56. Kh2 h5 57. Kg2 h3+ 58. Kh2 h4 59. Kg1
Kg3 60. Kh1 Kf3 61. Kh2 Ke4 62. Kxh3 Kxd5 63. Kxh4 Kc4 64. Kg3 Kxc3 65. Kf3
Kxb4 66. Ke3 Kc3 0-1

[Event "VIII Open Primavera"]
[Site "Robecchetto con Induno ITA"]
[Date "2011.05.19"]
[Round "7"]
[White "Sartorio, Alessandro"]
[Black "Loaldi, Davide"]
[Result "1/2-1/2"]
[WhiteElo "1332"]
[BlackElo "1619"]
[PlyCount "123"]
[EventDate "2011.04.07"]

1. d4 Nf6 2. Nf3 g6 3. e4 d6 4. Nc3 Bg7 5. Bc4 O-O 6. O-O a6 7. a4 Bg4 8. h3
Bxf3 9. Qxf3 Nc6 10. Be3 Nd7 11. Rad1 e6 12. d5 Nce5 13. Qe2 Nxc4 14. Qxc4 e5
15. f4 f5 16. fxe5 Nxe5 17. Qb4 Qd7 18. Bd4 b6 19. a5 bxa5 20. Qxa5 Nc4 21. Qb4
Bxd4+ 22. Rxd4 Ne5 23. Ne2 Rab8 24. Qa3 Qb5 25. Nf4 Qxb2 26. Qxb2 Rxb2 27. c4
fxe4 28. Rxe4 g5 29. Ne6 Rxf1+ 30. Kxf1 Rc2 31. Nxg5 Nxc4 32. Nf3 Nd2+ 33. Nxd2
Rxd2 34. Re8+ Kf7 35. Rc8 Rxd5 36. Rxc7+ Kg6 37. Ra7 a5 38. Ra6 Kf5 39. Kf2 Ke4
40. g4 Ke5 41. g5 Rd2+ 42. Kg3 Ra2 43. Kh4 d5 44. Ra7 d4 45. Rxh7 d3 46. Rd7
Ke4 47. g6 Rg2 48. g7 Ke3 49. Re7+ Kd2 50. Re8 Rxg7 51. Ra8 Kd1 52. Rxa5 d2 53.
Ra1+ Ke2 54. Kh5 d1=Q 55. Rxd1 Kxd1 56. h4 Ke2 57. Kh6 Rg1 58. h5 Ke3 59. Kh7
Rg5 60. h6 Kf4 61. Kh8 Rg6 62. h7 1/2-1/2

[Event "VIII Open Primavera"]
[Site "Robecchetto con Induno ITA"]
[Date "2011.05.19"]
[Round "7"]
[White "Turini, Gianluca"]
[Black "Libutti, Michele"]
[Result "0-1"]
[WhiteElo "1809"]
[BlackElo "1776"]
[PlyCount "82"]
[EventDate "2011.04.07"]

1. d4 Nf6 2. c4 g6 3. Nc3 Bg7 4. e4 d6 5. f3 O-O 6. Be3 Nbd7 7. Bd3 c5 8. Nge2
a6 9. O-O cxd4 10. Nxd4 Ne5 11. Be2 Nc6 12. Qd2 e6 13. Rfd1 d5 14. cxd5 exd5
15. Nxc6 bxc6 16. Bc4 Be6 17. exd5 Nxd5 18. Bxd5 Bxd5 19. Nxd5 cxd5 20. Rab1
Re8 21. Bd4 Bxd4+ 22. Qxd4 Re2 23. Qxd5 Qb6+ 24. Qd4 Qxd4+ 25. Rxd4 Rc8 26. Kf1
Rcc2 27. Rg4 Kg7 28. h4 f5 29. Rg3 h6 30. h5 g5 31. a3 f4 32. Rg4 Rf2+ 33. Kg1
Rxb2 34. Rxb2 Rxb2 35. g3 fxg3 36. Rxg3 Rb3 37. a4 a5 38. Kg2 Rb4 39. Rg4 Kf6
40. Kg3 Ke5 41. Kf2 Rxg4 0-1